000 00563cab a22001935a 4500
001 L158478
008 150317e20150314xxk 000 0 eng d
035 _a(Sirsi) u158478
041 0 _aeng
100 1 _aChases, Paul
245 0 0 _aTogether as one
260 _c2015
490 _aEstates Gazette
_v(1510) 14 March 2015, 70-72(3)
520 _aConsiders the key issues relating to joint ventures in their creation, governance and management of conflicts.
590 _aKA
651 4 _aUnited Kingdom
690 _aProperty management
_96262
942 _n0
999 _c84608
_d84608